Périphrases pour désigner une langue - Statistiques

Statistiques générales
  • Ce quiz a été pris 87 fois
  • Le résultat moyen est 13 sur 20
Statistiques - réponses
Périphrase Réponse % Correct
Langue de Shakespeare Anglais
96%
Langue d'Al Jahiz Arabe
95%
Langue d'Homère Grec
94%
Langue de Goethe Allemand
91%
Langue de Confucius Langues chinoises
91%
Langue de Moïse Hébreu
90%
Langue de Dante Italien
85%
Langue de Cicéron Latin
84%
Langue de Mishima Japonais
82%
Langue de Camões Portugais
77%
Langue de Chevtchenko Ukrainien
72%
Langue de Mickiewicz Polonais
71%
Langue d'Andersen Danois
67%
Langue de Sejong Coréen
59%
Langue d'Eminescu Roumain
59%
Langue de Botev Bulgare
28%
Langue de Kalevala Finnois
27%
Langue de Zamenhof Espéranto
11%
Langue de Massinissa Kabyle
10%
Langue de Hadraawi Somali
5%
Aucun quiz correspondant
Distribution des résultats
% des personnes avec chaque résultat
Percentile par nombre de réponses
Votre historique - résultats
Vous n’avez pas pris ce quiz